Estados de EE. UU. con el mayor número de fronteras - Estadísticas

Estadísticas generales
  • Esta prueba ha sido intentada 17 veces
  • La puntuación promedio es 8 de 11
Estadísticas de respuestas
Respuesta % Correcto
Arkansas
86%
Colorado
79%
Dakota del sur
79%
Idaho
79%
Tennessee
79%
Nebraska
71%
Oklahoma
71%
Iowa
64%
Kentucky
64%
Misuri
64%
Wyoming
57%
No se encontraron pruebas coincidentes
Distribución de puntuación
Porcentaje de gente con cada puntuación
Porcentaje por número respondido
Historial de tus puntuaciones
No has intentado esta prueba.